| 000 | 00475nam a22001697a 4500 | ||
|---|---|---|---|
| 003 | NUST | ||
| 038 | _aMr. Zahoor | ||
| 082 | _a530 | ||
| 100 |
_aAmin, Syed Tahir _917129 |
||
| 245 |
_aPractical Teleportation of an Unknown Quantum State _cSyed Tahir Amin |
||
| 260 |
_aIslamabad : _bSNS - NUST, _c2015. |
||
| 300 |
_a84 p. : ill. ; _c30cm. |
||
| 500 | _aHardcover. | ||
| 650 |
_aPhysics - M.Phil Thesis _916472 |
||
| 700 |
_aDr. Aeysha Khalique _917130 |
||
| 942 |
_2ddc _cTHE |
||
| 999 |
_c526160 _d526160 |
||